5HLuxD.jpg

KING HENRY VIII SENIOR AND PRIMARY SCHOOL LIBRARY OPAC

The Hush, hush collection / (Record no. 782)

000 -LEADER
fixed length control field 01233nam a2200409 i 4500
001 - CONTROL NUMBER
control field 017672560
003 - CONTROL NUMBER IDENTIFIER
control field Uk
005 - DATE AND TIME OF LATEST TRANSACTION
control field 20191209151255.0
008 - FIXED-LENGTH DATA ELEMENTS--GENERAL INFORMATION
fixed length control field 121024s2012 enk j 000 1 eng d
015 ## - NATIONAL BIBLIOGRAPHY NUMBER
National bibliography number GBB7C9656
Source bnb
016 7# - NATIONAL BIBLIOGRAPHIC AGENCY CONTROL NUMBER
Record control number 017672560
Source Uk
020 ## - INTERNATIONAL STANDARD BOOK NUMBER
International Standard Book Number 9780857079817
Qualifying information set
020 ## - INTERNATIONAL STANDARD BOOK NUMBER
International Standard Book Number 0857079816
Qualifying information set
020 ## - INTERNATIONAL STANDARD BOOK NUMBER
Canceled/invalid ISBN 9780857075048
Qualifying information Hush, hush
-- paperback
040 ## - CATALOGING SOURCE
Original cataloging agency UK-WkNB
Language of cataloging eng
Transcribing agency UK-WkNB
Modifying agency Uk
Description conventions rda
042 ## - AUTHENTICATION CODE
Authentication code ukblsr
082 ## - DEWEY DECIMAL CLASSIFICATION NUMBER
Classification number FIC FIT
100 1# - MAIN ENTRY--PERSONAL NAME
Personal name Fitzpatrick, Becca,
Relator term author.
240 10 - UNIFORM TITLE
Uniform title Novels.
Form subheading Selections
245 14 - TITLE STATEMENT
Title The Hush, hush collection /
Statement of responsibility, etc. Becca Fitzpatrick.
246 30 - VARYING FORM OF TITLE
Title proper/short title Hush, hush collection
264 #1 - PRODUCTION, PUBLICATION, DISTRIBUTION, MANUFACTURE, AND COPYRIGHT NOTICE
Place of production, publication, distribution, manufacture London :
Name of producer, publisher, distributor, manufacturer Simon & Schuster Ltd,
Date of production, publication, distribution, manufacture, or copyright notice [2012]
300 ## - PHYSICAL DESCRIPTION
Materials specified v. 1-3
Extent 3 volumes ; 391 p. ;
Dimensions 20 cm
336 ## - CONTENT TYPE
Content type term text
Source rdacontent
337 ## - MEDIA TYPE
Media type term unmediated
Source rdamedia
338 ## - CARRIER TYPE
Carrier type term volume
Source rdacarrier
490 ## - SERIES STATEMENT
Series statement Hush hush
Volume/sequential designation Book 1
500 ## - GENERAL NOTE
General note In a slipcase (20 x 14 x 9).
500 ## - GENERAL NOTE
General note Title from slipcase.
500 ## - GENERAL NOTE
General note "The first three books in the sequence."
505 0# - FORMATTED CONTENTS NOTE
Formatted contents note Hush, hush -- Crescendo -- Silence.
650 #0 - SUBJECT ADDED ENTRY--TOPICAL TERM
Topical term or geographic name entry element Angels
Form subdivision Fiction.
650 #0 - SUBJECT ADDED ENTRY--TOPICAL TERM
Topical term or geographic name entry element Paranormal fiction.
650 #0 - SUBJECT ADDED ENTRY--TOPICAL TERM
Topical term or geographic name entry element Good and evil
Form subdivision Fiction.
650 #0 - SUBJECT ADDED ENTRY--TOPICAL TERM
Topical term or geographic name entry element Romance fiction.
942 ## - ADDED ENTRY ELEMENTS (KOHA)
Source of classification or shelving scheme
Koha item type Books - Fiction
Holdings
Withdrawn status Lost status Source of classification or shelving scheme Damaged status Not for loan Collection code Permanent Location Current Location Shelving location Date acquired Total Checkouts Total Renewals Full call number Barcode Date due Date last seen Date last checked out Price effective from Koha item type
          Fiction KH8 Senior School Library KH8 Senior School Library Fiction 2019-12-09 2 1 FIC FIT 3KHSL000101537 2020-10-08 2020-09-10 2020-09-10 2019-12-09 Books - Fiction

Powered By KH8 IT Dept